| 000 | 01617nam a2200361Ia 4500 | ||
|---|---|---|---|
| 001 | ebr10116478 | ||
| 003 | CaPaEBR | ||
| 006 | m u | ||
| 007 | cr cn||||||||| | ||
| 008 | 021001s2003 ne a sb 001 0 eng d | ||
| 010 | _z 2002113947 | ||
| 020 | _z1586033042 (IOS Press) | ||
| 020 | _z4274905551 (Ohmsha) | ||
| 040 |
_aCaPaEBR _cCaPaEBR |
||
| 035 | _a(OCoLC)53011694 | ||
| 050 | 1 | 4 |
_aTK7874 _b.A94 2003eb |
| 082 | 0 | 4 |
_a621.395 _222 |
| 100 | 1 | _aAzevedo, Francisco. | |
| 245 | 1 | 0 |
_aConstraint solving over multi-valued logics _h[electronic resource] : _bapplication to digital circuits / _cFrancisco Azevedo. |
| 260 |
_aAmsterdam ; _aOxford : _bIOS Press, _cc2003. |
||
| 300 |
_axviii, 204 p. : _bill. |
||
| 490 | 1 |
_aFrontiers in artificial intelligence and applications, _x0922-6389 ; _vv. 91. _aDissertations in artificial intelligence |
|
| 502 | _aThesis (Ph. D.)--UNL/FCT. | ||
| 504 | _aIncludes bibliographical references and index. | ||
| 533 |
_aElectronic reproduction. _bPalo Alto, Calif. : _cebrary, _d2009. _nAvailable via World Wide Web. _nAccess may be limited to ebrary affiliated libraries. |
||
| 650 | 0 |
_aIntegrated circuits _xMathematical models. |
|
| 650 | 0 | _aDigital electronics. | |
| 655 | 7 |
_aElectronic books. _2local |
|
| 710 | 2 | _aebrary, Inc. | |
| 830 | 0 |
_aFrontiers in artificial intelligence and applications ; _vv. 91. |
|
| 830 | 0 |
_aFrontiers in artificial intelligence and applications. _pDissertations in artificial intelligence. |
|
| 856 | 4 | 0 |
_uhttp://site.ebrary.com/lib/rucke/Doc?id=10116478 _zAn electronic book accessible through the World Wide Web; click to view |
| 999 |
_c208746 _d208746 |
||